Migrationsgeschichte Oberschlesiens : Von 1800 bis zur Gegenwart /
Oberschlesien ist seit langem einer der Hotspots der Migrationsgeschichte: Deutlich mehr als die Hälfte der heutigen Bevölkerung lebt dort erst in der zweiten oder dritten Generation. Andererseits haben viele aus der Region stammende Familien in West- und Mitteleuropa sowie in Nord- und Südamerika i...
مؤلفون آخرون: ,
التنسيق: كتاب الكتروني
اللغة:
English
German
منشور في:
Paderborn :
Ferdinand Schöningh, Brill Deutschland,
2024.
سلاسل:
FOKUS ;
16
Schöningh and Fink Early Modern and Modern History E-Books Online, Collection 2024.
الموضوعات:
الوصول للمادة أونلاين: Login to view Source
الوسوم: إضافة وسم
رقم الطلب: JV8490
| LEADER | 03009nam a22005298i 4500 | ||
|---|---|---|---|
| 001 | BRILL9783657794607 | ||
| 003 | nllekb | ||
| 005 | 20240715181723.0 | ||
| 006 | m d | ||
| 007 | cr un uuuua | ||
| 008 | 240402s2024 gw sb 001 0 eng d | ||
| 020 | |a 9783657794607 |q (electronic book) | ||
| 020 | |z 9783506794604 |q (print) | ||
| 024 | 7 | |a 10.30965/9783657794607 |2 DOI | |
| 035 | |z (OCoLC)1409401503 | ||
| 040 | |a NL-LeKB |c NL-LeKB |e rda | ||
| 041 | |a ger | ||
| 050 | 4 | |a JV8490 | |
| 072 | 7 | |a HBTB |2 bicssc | |
| 072 | 7 | |a HIS |x 054000 |2 bisacsh | |
| 072 | 7 | |a SOC |x 008000 |2 bisacsh | |
| 082 | 0 | 4 | |a 304.8095 |2 23 |
| 245 | 1 | 0 | |a Migrationsgeschichte Oberschlesiens : |b Von 1800 bis zur Gegenwart / |c edited by Andrzej Michalczyk, David Skrabania. |
| 246 | 3 | |a Von 1800 bis zur Gegenwart | |
| 264 | 1 | |a Paderborn : |b Ferdinand Schöningh, Brill Deutschland, |c 2024. | |
| 264 | 4 | |c ©2024 | |
| 300 | |a 1 online resource (550 pages) : |b illustrations. | ||
| 336 | |a text |b txt |2 rdacontent | ||
| 337 | |a computer |b c |2 rdamedia | ||
| 338 | |a online resource |2 rdacarrier | ||
| 490 | 1 | |a FOKUS ; |v 16 | |
| 490 | 1 | |a Schöningh and Fink Early Modern and Modern History E-Books Online, Collection 2024 | |
| 504 | |a Includes bibliographical references and index. | ||
| 520 | |a Oberschlesien ist seit langem einer der Hotspots der Migrationsgeschichte: Deutlich mehr als die Hälfte der heutigen Bevölkerung lebt dort erst in der zweiten oder dritten Generation. Andererseits haben viele aus der Region stammende Familien in West- und Mitteleuropa sowie in Nord- und Südamerika ihre Heimat gefunden. Da Oberschlesien außergewöhnlich stark von migrierenden, mobilen Menschen geprägt wurde und wird, lässt sich durch das Prisma des Themas Migration auch die Geschichte der Region selbst in neuen, vielfältigen Facetten darstellen. In diesem Buch richtet sich dabei die Aufmerksamkeit in erster Linie auf die handelnden Menschen, die trotz oftmals fehlender Bildungsmöglichkeiten, Armut und beschränktem politischen Einfluss ihren Weg suchten. Die Migrationsbewegungen, die von Oberschlesien ausgingen und nach Oberschlesien zurückführten, ließen transnationale Räume entstehen und prägten einen dynamischem Wandel unterworfenen deutsch-polnischen Grenzraum. | ||
| 546 | |a German | ||
| 588 | |a Description based on print version record. | ||
| 650 | 0 | |a Eurasians |x Migrations |x History. | |
| 650 | 0 | |a Globalization |x Social aspects |z Eurasia |x History. | |
| 650 | 0 | |a Social change |z Eurasia |x History. | |
| 700 | 1 | |a Michalczyk, Andrzej, |e editor. | |
| 700 | 1 | |a Skrabania, David, |e editor. | |
| 776 | 0 | 8 | |i Print version: |t Migrationsgeschichte Oberschlesiens : Von 1800 bis zur Gegenwart. |d Paderborn : Ferdinand Schöningh, Brill Deutschland, 2024. |z 9783506794604 |
| 830 | 0 | |a FOKUS ; |v 16 | |
| 830 | 0 | |a Schöningh and Fink Early Modern and Modern History E-Books Online, Collection 2024. | |
| 856 | 4 | |z DOI: |u http://dx.doi.org/10.30965/9783657794607 | |
| 942 | |2 lcc |c EBOOK | ||
| 999 | |c 58904 |d 58904 | ||
